IBM colossus in transition

Đã lưu trong:
書目詳細資料
主要作者: Sobel, Robert
格式: 圖書
語言:Undetermined
出版: New York Truman Talley Books 1981
主題:
標簽: 添加標簽
沒有標簽, 成為第一個標記此記錄!
Thư viện lưu trữ: Trung tâm Học liệu Trường Đại học Cần Thơ
LEADER 00526nam a2200193Ia 4500
001 CTU_83566
008 210402s9999 xx 000 0 und d
082 |a 338.7 
082 |b S677 
100 |a Sobel, Robert 
245 0 |a IBM colossus in transition 
245 0 |c Robert Sobel 
260 |a New York 
260 |b Truman Talley Books 
260 |c 1981 
650 |a International business machines corporation 
650 |x History 
904 |i Qhieu(sửa) 
980 |a Trung tâm Học liệu Trường Đại học Cần Thơ